000 00661nam a2200253Ia 4500
003 OSt
005 20220918185130.0
006 a|||||r|||| 00| 0
007 ta
008 220917b |||||||| |||| 00| 0 eng d
024 _a49,720
037 _cTextual
040 _aARTS
_cARTS
_beng
041 _2eng
_aeng
082 _aP:2, N2
100 _aAnderson Stephen R
_914743
245 0 _aA morphous nmorphology
260 _aCambridge
_bCUP
_c1992
300 _axiv,434p.
_ccm.
490 _aCambridge studies in linguistics; 62
650 _aLINGUISTICS
942 _hP:2, N2
_cTEXL
_2CC
999 _c179342
_d179342